00192nam a2200073Ia 4500008004100000082000800041100001900049245005000068240331s9999 xx 000 0 und d bSEN aSenthivel, S.K 0aKailasapathyin samooga nokum pangalippum :b-